000 00737nam a22002057a 4500
999 _c8270
_d8270
003 AR-CdUCM
008 190322b ||||| |||| 00| 0 spa d
040 _aMUNICIPALIDAD PROVINCIAL DEL CUSCO
_cBIBLIOTECA MUNICIPAL DEL CUSCO
082 _a891.42 /
_bS11
100 _aSaavedra S. Roman
_923269
245 _aMaximo Gorki :
_bEnsayo biográfico /
260 _aCuzco :
_bKuntur,
_c1981.
300 _a102 páginas :
_c20 cm
505 _aContenido : Influencias sociales y políticas en las obras de Gorki -- Gorki en la barricada de la revolución -- Gorki, el dirigente de la cultura soviética...
650 _aEnsayo
_9274
650 _aBiografía
_910983
650 _aLiteratura
_9416
942 _2ddc
_cLIBROS
945 _admma